[Event "36th European Club Cup 2021"]
[Site "Struga"]
[Date "2021.09.22"]
[Round "5.57"]
[White "Salihu, Sami"]
[Black "Mikhalchishin, Adrian"]
[Result "0-1"]
[WhiteElo "2207"]
[BlackElo "2455"]
[Annotator "ChessBase"]
[PlyCount "120"]
[EventDate "2021.09.18"]
[EventType "team-tourn"]
[EventCountry "MKD"]
[SourceTitle "playchess.com"]
[Source "ChessBase"]
[SourceQuality "1"]
[TimeControl "40/5400+30:1800+30"]

1. d4 {[%emt 0:00:04]} Nf6 {[%emt 0:00:10]} 2. Nf3 {[%emt 0:00:18]} g6 {
[%emt 0:00:06]} 3. Bg5 {[%emt 0:00:30]} Bg7 {[%emt 0:00:48]} 4. Bxf6 {[%emt 0:
00:10]} Bxf6 {[%emt 0:01:30]} 5. e4 {[%emt 0:00:06]} c5 {[%emt 0:00:37]} 6. e5
{[%emt 0:03:51]} Bg7 {[%emt 0:00:58]} 7. dxc5 {[%emt 0:00:09]} Nc6 {[%emt 0:02:
46]} 8. Qd5 {[%emt 0:00:13]} Qc7 {[%emt 0:02:13]} 9. Nc3 {[%emt 0:00:08]} Nxe5
{[%emt 0:00:17]} 10. Nxe5 {[%emt 0:03:41]} Qxe5+ {[%emt 0:01:34]} 11. Qxe5 {
[%emt 0:00:08]} Bxe5 {[%emt 0:00:01]} 12. O-O-O {[%emt 0:00:12]} b6 {[%emt 0:
02:05]} 13. Na4 {[%emt 0:00:22]} bxc5 {[%emt 0:06:44]} 14. Nxc5 {[%emt 0:00:19]
} Rb8 {[%emt 0:00:57]} 15. b3 {[%emt 0:00:30]} d6 {[%emt 0:01:02]} 16. Na6 {
[%emt 0:00:08]} Rb6 {[%emt 0:10:04]} 17. Nc7+ {[%emt 0:00:32]} Kd7 {[%emt 0:00:
45]} 18. Nd5 {[%emt 0:00:10]} Rb8 {[%emt 0:00:04]} 19. f4 {[%emt 0:01:38]} Bg7
{[%emt 0:00:45]} 20. g3 {[%emt 0:04:36]} e6 {[%emt 0:02:49]} 21. Ne3 {[%emt 0:
00:26]} Bb7 {[%emt 0:06:09]} 22. Bg2 {[%emt 0:00:36]} Bxg2 {[%emt 0:04:39]} 23.
Nxg2 {[%emt 0:02:49]} Rhc8 {[%emt 0:01:09]} 24. Rhe1 {[%emt 0:02:49]} Bc3 {
[%emt 0:04:46]} 25. Re2 {[%emt 0:02:50]} Rb5 {[%emt 0:05:39]} 26. Rd3 {[%emt 0:
03:11]} d5 {[%emt 0:02:00]} 27. Ne3 {[%emt 0:00:35]} Rbc5 {[%emt 0:01:16]} 28.
Nc4 {[%emt 0:00:44]} Bf6 {[%emt 0:03:32]} 29. Ne5+ {[%emt 0:01:31]} Ke7 {
[%emt 0:00:51]} 30. Rd4 {[%emt 0:03:42]} g5 {[%emt 0:03:20]} 31. Kd1 {[%emt 0:
01:22]} R8c7 {[%emt 0:06:52]} 32. a4 {[%emt 0:02:09]} Rc3 {[%emt 0:04:47]} 33.
fxg5 {[%emt 0:02:35]} Bxg5 {[%emt 0:04:41]} 34. Rd3 {[%emt 0:01:44]} f6 {
[%emt 0:03:55]} 35. Rxc3 {[%emt 0:00:08]} Rxc3 {[%emt 0:00:01]} 36. Nd3 {
[%emt 0:00:16]} Kd6 {[%emt 0:00:17]} 37. Rf2 {[%emt 0:01:07]} f5 {[%emt 0:01:
25]} 38. Rf3 {[%emt 0:00:55]} d4 {[%emt 0:02:26]} 39. h4 {[%emt 0:00:07]} Be3 {
[%emt 0:00:18]} 40. Nf4 {[%emt 0:00:00]} Ke5 {[%emt 0:00:00]} 41. Nd3+ {
[%emt 0:17:51]} Ke4 {[%emt 0:07:36]} 42. Rf1 {[%emt 0:00:33]} Rc7 {[%emt 0:00:
52]} 43. Nf4 {[%emt 0:01:06]} e5 {[%emt 0:07:50]} 44. Ne6 {[%emt 1:15:39]} Rc6
{[%emt 0:04:58]} 45. Ng5+ {[%emt 0:00:00]} Bxg5 {[%emt 0:00:07]} 46. hxg5 {
[%emt 0:00:00]} Rg6 {[%emt 0:00:27]} 47. Re1+ {[%emt 0:00:00]} Kd5 {[%emt 0:00:
14]} 48. Rh1 {[%emt 0:00:00]} Rxg5 {[%emt 0:01:26]} 49. Rxh7 {[%emt 0:00:00]}
Rxg3 {[%emt 0:02:53]} 50. Rxa7 {[%emt 0:00:00]} Rg1+ {[%emt 0:00:06]} 51. Kd2 {
[%emt 0:00:00]} Rg2+ {[%emt 0:00:29]} 52. Kc1 {[%emt 0:00:00]} e4 {[%emt 0:07:
19]} 53. a5 {[%emt 0:00:00]} e3 {[%emt 0:00:46]} 54. Re7 {[%emt 0:00:00]} Rg1+
{[%emt 0:01:02]} 55. Kb2 {[%emt 0:00:00]} f4 {[%emt 0:00:20]} 56. a6 {[%emt 0:
00:00]} f3 {[%emt 0:00:18]} 57. a7 {[%emt 0:00:00]} Rg8 {[%emt 0:00:06]} 58.
Rd7+ {[%emt 0:00:00]} Kc6 {[%emt 0:00:31]} 59. Rg7 {[%emt 0:00:00]} Ra8 {
[%emt 0:00:09]} 60. Rf7 {[%emt 0:00:00]} e2 {[%emt 0:00:14]} 0-1

[Event "36th European Club Cup 2021"]
[Site "Struga"]
[Date "2021.09.22"]
[Round "5.58"]
[White "Skuhala, Jernej"]
[Black "Hamiti, Gani"]
[Result "1-0"]
[WhiteElo "2351"]
[BlackElo "2123"]
[Annotator "TA"]
[PlyCount "143"]
[EventDate "2021.09.18"]
[EventType "team-tourn"]
[EventCountry "MKD"]
[SourceTitle "playchess.com"]
[Source "ChessBase"]
[SourceQuality "1"]

{[%evp 16,142,-37,-36,-35,-45,-19,-57,-33,-46,-22,-32,-24,-22,-27,-43,-44,-41,
-39,-37,-15,-31,-26,-52,-28,-48,-14,-52,-40,-75,-53,-59,-40,-53,-54,-81,-73,
-75,-60,-65,-65,-75,-75,-78,0,-75,-67,-82,-72,-73,-47,-81,-47,-47,-47,-75,-56,
-76,-47,-47,-50,-185,-68,-143,-134,-149,-105,-256,-247,-247,-260,-239,-215,
-209,-210,-205,-169,-177,-176,-215,-214,-207,-200,-268,-231,-261,-261,-262,
-265,-264,-252,-242,-249,-234,-157,-135,-121,-127,-103,-117,-98,-99,-97,-186,
-189,-186,-8,-57,-48,-153,-152,-151,-168,-398,-284,-278,-224,-607,-604,-574,
-571,-711,-689,-627,-440,-593,29991,29992,29999]} 1. e4 e5 2. Nf3 Nc6 3. Bb5 f5
4. d3 fxe4 5. dxe4 Nf6 6. Nc3 Bb4 7. Bg5 Bxc3+ 8. bxc3 d6 9. O-O O-O {C63: Ruy
Lopez: Schliemann/Jaenisch Defence.} 10. Qd3 Kh8 11. Rab1 Qe8 {Black is
slightly better.} 12. Nd2 {[#]} Qg6 $146 ({Predecessor:} 12... Nh5 13. Nc4 Qg6
14. Bh4 Nf4 15. Qe3 Qxg2# {0-1 (15) Steinbuerg,K (2385)-Cardoso,L (2325) Chess.
com INT 2018}) 13. Bxf6 Qxf6 14. Bxc6 bxc6 15. Qc4 c5 16. Rb2 Be6 $36 {[%mdl
2048] Black has the initiative.} 17. Qe2 Rab8 18. Rfb1 Rb6 19. c4 h6 20. Rb3
Rfb8 21. Rf1 Rb4 22. Ra3 R8b7 23. Rb3 a5 {[%cal Ba7a5,Ba5a4][%mdl 32]} 24. h3
a4 25. Rf3 Qe7 26. Rc3 Qf7 27. a3 {aiming for Rf3.} Rb2 28. Rf3 Qe8 29. Rc3 Qf7
30. Rf3 Qe7 31. Rc3 Rb8 32. Rd1 Kh7 33. Kh2 Rf8 34. Nf1 Qh4 35. Kg1 Rf7 36. Ng3
g6 37. Nf1 Rb8 38. Rd2 ({Better is} 38. f3 $15) 38... Rbf8 (38... Rb1 $19 39.
f3 Re1) 39. Qe3 (39. f3 $15) 39... g5 $17 40. f3 h5 41. g3 $2 (41. Qf2 $17)
41... Qxh3 $19 42. Qxg5 {[#]} Bxc4 $1 {[%mdl 512]} 43. Rg2 Rg7 44. Qh4 Qxh4 45.
gxh4 Rxg2+ 46. Kxg2 {[%mdl 4096] Endgame KRB-KRN} Be6 47. Ng3 Kg6 48. Ne2 Rb8
49. f4 Bg4 50. f5+ Kf6 51. Ng3 Rb2 52. Nf1 {[#]} Be2 $1 53. Ne3 c6 54. Kf2 Ba6
55. Nd1 Ra2 56. Ke1 Ra1 57. Kd2 Bb5 58. Rg3 Bc4 59. Rg6+ (59. Nb2 $17 Bf7 60.
Nxa4) 59... Ke7 60. Rg3 d5 $2 (60... Bf7 $19 {Strongly threatening ...c4.} 61.
Ke2 c4) 61. Rg7+ Kf8 62. Ra7 ({White should play} 62. Rg6 $15) 62... Rxa3 $17
63. Ne3 Ba2 64. Ra5 $2 (64. f6 {might work better.}) 64... d4 $19 65. Nd1 Bc4
66. Nb2 $2 (66. Rxc5 Bf1 67. Rxe5) 66... Bb5 67. Nd3 c4 {[%cal Bc5c4,Bc4c3]
[%mdl 32]} 68. Nxe5 {intending c3.} c3+ 69. Ke1 {Now Ng6+ and White clings on.}
Ra1+ 70. Kf2 {If White can now play Ng6+ this consolidates a bit.} d3 $4 {
[%mdl 8192]} (70... Ke7 $19 71. Kg2 d3 72. Ra7+ Kd6 73. Nxd3 Bxd3) 71. f6 {
[%cal Ra5a8]} Ke8 72. Ra8# {Never resign too early!  Weighted Error Value:
White=0.19/Black=0.23} 1-0

[Event "36th European Club Cup 2021"]
[Site "Struga"]
[Date "2021.09.22"]
[Round "5.59"]
[White "Jashari, Ardian"]
[Black "Buzeti, Jernej"]
[Result "0-1"]
[WhiteElo "2109"]
[BlackElo "2236"]
[Annotator "NA"]
[PlyCount "104"]
[EventDate "2021.09.18"]
[EventType "team-tourn"]
[EventCountry "MKD"]
[SourceTitle "playchess.com"]
[Source "ChessBase"]
[SourceQuality "1"]
[TimeControl "40/5400+30:1800+30"]

1. e4 {[%emt 0:00:06]} c5 {[%emt 0:00:21]} 2. Nf3 {[%emt 0:00:12]} d6 {[%emt 0:
00:22]} 3. d4 {[%emt 0:01:05]} cxd4 {[%emt 0:00:09]} 4. Nxd4 {[%emt 0:00:14]}
Nf6 {[%emt 0:00:09]} 5. Nc3 {[%emt 0:00:15]} a6 {[%emt 0:00:43]} 6. Bg5 {
[%emt 0:05:39]} e6 {[%emt 0:00:42]} 7. Qf3 {[%emt 0:00:56]} Nbd7 {[%emt 0:05:
06]} 8. O-O-O {[%emt 0:02:06]} Qc7 {[%emt 0:02:30]} 9. Bxf6 {[%emt 0:01:14]}
Nxf6 {[%emt 0:02:29]} 10. g4 {[%emt 0:04:16]} b5 {[%emt 0:33:19]} 11. g5 {
[%emt 0:05:06]} Nd7 {[%emt 0:00:57]} 12. Qh3 {[%emt 0:10:57]} b4 {[%emt 0:13:
32]} 13. g6 {[%emt 0:24:54]} Ne5 {[%emt 0:12:17]} 14. gxf7+ {[%emt 0:04:48]}
Nxf7 {[%emt 0:10:58]} 15. Nxe6 {[%emt 0:09:13]} Qe7 {[%emt 0:02:12]} 16. Nd5 {
[%emt 0:04:01]} Bxe6 {[%emt 0:00:54]} 17. Nxe7 {[%emt 0:01:17]} Bxh3 {[%emt 0:
00:06]} 18. Nd5 {[%emt 0:00:13]} Bxf1 {[%emt 0:00:13]} 19. Nc7+ {[%emt 0:00:43]
} Kd7 {[%emt 0:00:09]} 20. Nxa8 {[%emt 0:00:09]} Be2 {[%emt 0:02:59]} 21. Rd4 {
[%emt 0:02:02]} g6 {[%emt 0:07:28]} 22. Nb6+ {[%emt 0:00:15]} Kc6 {[%emt 0:00:
14]} 23. Rxb4 {[%emt 0:05:31]} Bh6+ {[%emt 0:01:47]} 24. Kb1 {[%emt 0:00:01]}
a5 {[%emt 0:00:21]} 25. Rb3 {[%emt 0:00:06]} Rb8 {[%emt 0:00:49]} 26. Nd5 {
[%emt 0:00:15]} Rxb3 {[%emt 0:00:24]} 27. axb3 {[%emt 0:00:12]} Bf3 {[%emt 0:
00:15]} 28. Re1 {[%emt 0:00:16]} Bd2 {[%emt 0:00:24]} 29. Rg1 {[%emt 0:00:15]}
Bxe4 {[%emt 0:00:57]} 30. Nf6 {[%emt 0:00:12]} Bf5 {[%emt 0:00:52]} 31. Nxh7 {
[%emt 0:00:33]} Ne5 {[%emt 0:01:09]} 32. Ng5 {[%emt 0:01:18]} Ng4 {[%emt 0:00:
38]} 33. Nf3 {[%emt 0:00:32]} Bf4 {[%emt 0:00:42]} 34. Nd4+ {[%emt 0:00:31]}
Kd5 {[%emt 0:00:04]} 35. Nxf5 {[%emt 0:01:29]} gxf5 {[%emt 0:00:02]} 36. h4 {
[%emt 0:01:25]} Ke4 {[%emt 0:00:18]} 37. c3 {[%emt 0:02:29]} Kf3 {[%emt 0:00:
06]} 38. b4 {[%emt 0:00:23]} axb4 {[%emt 0:00:07]} 39. cxb4 {[%emt 0:00:06]}
Kxf2 {[%emt 0:00:05]} 40. Rd1 {[%emt 0:00:00]} Ke2 {[%emt 0:00:00]} 41. Rd5 {
[%emt 0:05:36]} Ne3 {[%emt 0:03:41]} 42. Ra5 {[%emt 0:00:52]} Be5 {[%emt 0:00:
43]} 43. Rxe5 {[%emt 0:05:00]} dxe5 {[%emt 0:00:14]} 44. b5 {[%emt 0:00:17]}
Nd5 {[%emt 0:08:09]} 45. h5 {[%emt 0:00:09]} f4 {[%emt 0:00:34]} 46. h6 {
[%emt 0:00:03]} f3 {[%emt 0:00:08]} 47. h7 {[%emt 0:00:03]} f2 {[%emt 0:00:09]}
48. h8=Q {[%emt 0:00:19]} f1=Q+ {[%emt 0:00:15]} 49. Ka2 {[%emt 0:00:10]} Qf4 {
[%emt 0:01:22]} 50. Qh5+ {[%emt 0:01:13]} Kd2 {[%emt 0:00:47]} 51. Qh1 {
[%emt 0:09:15]} Qa4+ {[%emt 0:00:09]} 52. Kb1 {[%emt 0:00:20]} Qd1+ {[%emt 0:
00:38]} 0-1

[Event "36th European Club Cup 2021"]
[Site "Struga"]
[Date "2021.09.22"]
[Round "5.60"]
[White "Bratkovic, Sham"]
[Black "Asllani, Ibrahim"]
[Result "1-0"]
[WhiteElo "2213"]
[BlackElo "2038"]
[Annotator "NA"]
[PlyCount "75"]
[EventDate "2021.09.18"]
[EventType "team-tourn"]
[EventCountry "MKD"]
[SourceTitle "playchess.com"]
[Source "ChessBase"]
[SourceQuality "1"]
[TimeControl "40/5400+30:1800+30"]

1. d4 {[%emt 0:00:57]} Nf6 {[%emt 0:00:09]} 2. c4 {[%emt 0:00:29]} g6 {[%emt 0:
00:16]} 3. Nc3 {[%emt 0:01:27]} Bg7 {[%emt 0:00:06]} 4. g3 {[%emt 0:03:54]} c5
{[%emt 0:01:16]} 5. Nf3 {[%emt 0:02:58]} cxd4 {[%emt 0:00:16]} 6. Qxd4 {
[%emt 0:01:20]} Nc6 {[%emt 0:00:12]} 7. Qd1 {[%emt 0:00:33]} d6 {[%emt 0:00:19]
} 8. Bg2 {[%emt 0:02:22]} h5 {[%emt 0:00:39]} 9. O-O {[%emt 0:02:22]} Bg4 {
[%emt 0:04:13]} 10. Qa4 {[%emt 0:05:47]} Qd7 {[%emt 0:00:44]} 11. Rd1 {[%emt 0:
06:14]} Bxf3 {[%emt 0:01:34]} 12. Bxf3 {[%emt 0:00:33]} h4 {[%emt 0:00:07]} 13.
Bg2 {[%emt 0:05:51]} hxg3 {[%emt 0:00:08]} 14. hxg3 {[%emt 0:01:16]} Rh5 {
[%emt 0:01:52]} 15. Nb5 {[%emt 0:08:58]} Kf8 {[%emt 0:05:07]} 16. Qb3 {[%emt 0:
10:07]} Ne8 {[%emt 0:00:49]} 17. Nc3 {[%emt 0:13:04]} Bd4 {[%emt 0:03:35]} 18.
Nd5 {[%emt 0:03:45]} e6 {[%emt 0:04:17]} 19. Nf4 {[%emt 0:01:07]} Rh7 {[%emt 0:
00:41]} 20. Be3 {[%emt 0:04:34]} e5 {[%emt 0:01:25]} 21. Nd5 {[%emt 0:02:49]}
Kg7 {[%emt 0:00:25]} 22. Qd3 {[%emt 0:03:17]} f5 {[%emt 0:02:55]} 23. Bxd4 {
[%emt 0:00:26]} Nxd4 {[%emt 0:00:24]} 24. e3 {[%emt 0:00:28]} Ne6 {[%emt 0:00:
19]} 25. b4 {[%emt 0:01:34]} e4 {[%emt 0:03:14]} 26. Qc3+ {[%emt 0:01:07]} Kf7
{[%emt 0:00:38]} 27. c5 {[%emt 0:02:09]} Rc8 {[%emt 0:00:32]} 28. Qa3 {[%emt 0:
00:30]} Rc6 {[%emt 0:00:40]} 29. Qxa7 {[%emt 0:01:07]} g5 {[%emt 0:00:15]} 30.
Qb8 {[%emt 0:02:53]} g4 {[%emt 0:01:12]} 31. Nb6 {[%emt 0:00:50]} Rxb6 {
[%emt 0:01:08]} 32. cxb6 {[%emt 0:00:07]} Ng5 {[%emt 0:00:13]} 33. Rac1 {
[%emt 0:01:57]} Nf3+ {[%emt 0:00:36]} 34. Bxf3 {[%emt 0:02:39]} gxf3 {[%emt 0:
00:13]} 35. Rc7 {[%emt 0:00:22]} Nxc7 {[%emt 0:00:14]} 36. bxc7 {[%emt 0:00:16]
} Qe6 {[%emt 0:02:01]} 37. c8=Q {[%emt 0:00:41]} Qh6 {[%emt 0:00:27]} 38. Qg8+
{[%emt 0:00:31]} 1-0

[Event "36th European Club Cup 2021"]
[Site "Struga"]
[Date "2021.09.23"]
[Round "6.1"]
[White "Korobov, Anton"]
[Black "Svidler, Peter"]
[Result "1/2-1/2"]
[WhiteElo "2685"]
[BlackElo "2701"]
[Annotator "TA"]
[PlyCount "92"]
[EventDate "2021.09.18"]
[EventType "team-tourn"]
[EventCountry "MKD"]
[SourceTitle "playchess.com"]
[Source "ChessBase"]
[SourceQuality "1"]

{[%evp 19,92,15,49,14,9,5,4,4,11,4,4,6,6,7,12,7,11,7,7,7,8,7,7,7,7,7,11,11,11,
11,11,8,31,31,38,31,40,7,11,0,38,0,16,22,20,23,25,20,20,15,16,0,2,0,0,0,0,0,0,
0,0,0,35,0,0,0,0,0,3,0,0,0,0,0,0]} 1. d4 Nf6 2. c4 g6 3. Nc3 d5 4. cxd5 Nxd5 5.
e4 Nxc3 6. bxc3 Bg7 7. Bc4 c5 8. Ne2 Nc6 9. Be3 O-O 10. O-O b6 11. Rc1 {
D87: Exchange Grünfeld: Classical Line: Variations without ...cxd4.} Bb7 12.
Bb5 $1 {[%mdl 4] is more profitable than 12.Qd2 at the moment.} e6 13. dxc5 {
[#]} Ne5 $146 ({Predecessor:} 13... Qc7 14. Nd4 bxc5 15. Nb3 c4 16. Nc5 Ne5 17.
Qe2 Rfc8 18. Rb1 Bc6 19. Ba6 Rd8 {1-0 (52) Michalik,P (2511)-Petr,M (2526)
Merlimont 2011}) 14. f3 a6 15. Ba4 b5 16. Bb3 Qc7 17. Nd4 Rfd8 18. Qe2 Bf8 19.
f4 Nc4 20. Bxc4 bxc4 21. c6 Bxc6 22. Qxc4 Rac8 23. Qxc6 Qxc6 24. Nxc6 Rxc6 25.
Kf2 Bc5 26. Bxc5 Rxc5 $14 {[%mdl 4096] Endgame KRR-KRR} 27. Ke3 Rdc8 28. Kd3
Rd8+ 29. Ke3 Rdc8 30. Kd3 Rd8+ 31. Kc2 Ra5 32. Ra1 Ra4 33. Rfe1 Rb8 34. g3 h6
35. Re2 Kg7 36. Kd3 Rd8+ 37. Ke3 Rc8 38. Kd3 Rd8+ 39. Ke3 Rc8 40. Rc1 Kf6 41.
Rcc2 g5 {The position is equal.} 42. Kd3 gxf4 43. gxf4 Rd8+ 44. Ke3 Rc8 45. Kd3
Rd8+ 46. Ke3 Rc8 {Weighted Error Value: White=0.06/Black=0.03} 1/2-1/2

[Event "36th European Club Cup 2021"]
[Site "Struga"]
[Date "2021.09.23"]
[Round "6.2"]
[White "Esipenko, Andrey"]
[Black "Shirov, Alexei"]
[Result "0-1"]
[WhiteElo "2720"]
[BlackElo "2652"]
[Annotator "TA"]
[PlyCount "132"]
[EventDate "2021.09.18"]
[EventType "team-tourn"]
[EventCountry "MKD"]
[SourceTitle "playchess.com"]
[Source "ChessBase"]
[SourceQuality "1"]

{[%evp 10,132,38,37,44,3,6,0,12,19,29,23,25,19,34,25,51,0,11,6,14,0,2,3,0,0,
-12,-81,0,-2,0,-10,0,0,0,0,0,-55,-64,-64,-64,-62,-47,-88,-75,-66,-53,-83,-67,
-92,-73,-76,0,-78,-46,-77,-84,-87,-72,-75,-41,-47,-43,-102,-102,-97,-89,-96,
-43,-89,0,-92,-78,-81,-25,-22,-64,-91,-29,-52,-57,-236,-223,-333,-105,-110,
-102,-104,-110,-123,-117,-108,-114,-364,-356,-12840,-12840,-12841,-12841,
-12841,-12841,-12841,-12842,-12841,-12842,-12842,-12840,-12842,-12843,-12843,
-12844,-12845,-12843,-12844,-12845,-12847,-12843,-12845,-12845,-12846,-12843,
-27999,-27999,-27999,-27998]} 1. e4 e5 2. Nf3 Nc6 3. Bc4 Nf6 4. d3 h6 5. c3 d6
6. Nbd2 g5 {now supersedes 6...g6. C55: Two Knights: 4 d3, 4 d4 exd4 5 e5 and
Max Lange Attack.} 7. h4 g4 8. Nh2 h5 {The position is equal.} 9. Qb3 {[#]} Qd7
$146 ({Predecessor:} 9... Rh7 10. Nhf1 Na5 11. Qc2 Nxc4 12. Nxc4 Be6 13. Ng3
Bxc4 14. dxc4 Qd7 15. Bg5 Ng8 {0-1 (77) Wang,K (2402)-Hilby,C (2454) Charlotte
2021}) 10. Nhf1 Na5 11. Qc2 Nxc4 12. Nxc4 d5 13. Nce3 (13. Nxe5 $14 Qe6 14. Bf4
) 13... dxe4 14. dxe4 b6 15. Bd2 Bb7 16. f3 O-O-O 17. O-O-O Qe6 18. Qb3 (18.
Kb1 $11 {remains equal.}) 18... Qxb3 (18... Nd7 $17 {...Qg6 is the strong
threat.} 19. Qxe6 fxe6) 19. axb3 $11 Rg8 20. Nf5 gxf3 21. gxf3 Nxe4 22. fxe4
Bxe4 {[%mdl 64] Double Attack} 23. N1e3 (23. N1g3 $11 Bxh1 24. Rxh1) 23... Bxh1
$15 24. Rxh1 Kd7 25. b4 Ke6 26. Kd1 a5 27. Ke2 axb4 28. cxb4 c5 29. Rc1 Ra8 30.
Kd3 Rd8+ 31. Ke2 Rg6 32. bxc5 Bxc5 33. b4 Bxe3 34. Nxe3 Rd4 35. Be1 Rg8 36. b5
(36. Rc6+ $15 Rd6 37. Rxd6+ Kxd6 38. Nc4+ Ke6 39. Nxb6) 36... Ra8 $1 $17 37.
Rc2 Raa4 38. Kf3 Rf4+ (38... f6 $17 39. Rc6+ Kf7) 39. Ke2 $15 Rfd4 40. Kf3 $1
Rd3 41. Ke2 Rb3 ({Better is} 41... Rd7 $17) 42. Rc6+ $11 Kd7 43. Rf6 Rxb5 (
43... Re4 $17 44. Bf2 Rf4 45. Rxf4 exf4) 44. Rxf7+ Ke6 45. Rb7 $2 ({White
should play} 45. Rf8 $1 $15) 45... Rb2+ $1 $19 46. Kd3 (46. Kf1 $142) 46...
Rb3+ $2 (46... Ra3+ $19 {has better winning chances.} 47. Ke4 Re2 48. Rxb6+ Kd7
49. Rd6+ Kc7) 47. Bc3 $17 Rxh4 {White must now prevent ...Rh3.} 48. Kc2 {[#]}
Rb5 49. Rh7 Rh3 50. Rh6+ {[#]} Kf7 $1 51. Kd3 (51. Bd2 $17) 51... Rb3 $19 52.
Kc2 $2 {[#]} (52. Rc6 Ra3 53. Rxb6) 52... Rxc3+ $1 {[%mdl 512]} 53. Kxc3 Rxe3+
{[%mdl 4096] Endgame KR-KR} 54. Kd2 Rb3 55. Kc2 Rb5 56. Kc3 Rc5+ 57. Kd3 b5 58.
Ke4 h4 59. Kf5 e4+ 60. Kf4 Rc4 61. Ke3 h3 62. Kd2 Rd4+ 63. Ke2 Rd3 64. Rh4 Rb3
65. Rxe4 h2 66. Rh4 Rb1 {Weighted Error Value: White=0.37/Black=0.18} 0-1

[Event "36th European Club Cup 2021"]
[Site "Struga"]
[Date "2021.09.23"]
[Round "6.3"]
[White "Abasov, Nijat"]
[Black "Fedoseev, Vladimir"]
[Result "1/2-1/2"]
[WhiteElo "2652"]
[BlackElo "2708"]
[Annotator "TA"]
[PlyCount "68"]
[EventDate "2021.09.18"]
[EventType "team-tourn"]
[EventCountry "MKD"]
[SourceTitle "playchess.com"]
[Source "ChessBase"]
[SourceQuality "1"]

{[%evp 13,68,16,16,9,16,0,8,10,10,4,21,19,28,20,22,30,40,43,70,64,121,138,167,
40,51,53,485,477,424,91,325,302,292,51,63,56,63,61,55,60,66,14,22,14,15,0,0,0,
0,0,0,0,0,0,0,0,0]} 1. c4 c6 2. Nf3 d5 3. e3 Nf6 4. Nc3 Nbd7 5. cxd5 cxd5 6. d4
e6 7. Bd3 Bd6 8. O-O {D30: Queen's Gambit Declined: Systems without Nc3.} O-O
9. Re1 h6 {[#]} 10. Bd2 $146 ({Predecessor:} 10. e4 dxe4 11. Nxe4 Nxe4 12. Bxe4
Nf6 13. Bc2 Qa5 14. Bd2 Qb5 15. Bc3 Nd5 16. Ne5 Bxe5 17. Rxe5 {0-1 (46) Chidi,
L (1716)-Krumina,L (2067) Erfurt 2017}) 10... a6 11. Rc1 Rb8 12. e4 dxe4 13.
Nxe4 Nxe4 14. Bxe4 Nf6 15. Bb1 b5 16. Ne5 Bb7 ({Black should try} 16... b4 $1
$14) 17. Rc3 $1 $16 Re8 18. Bxh6 gxh6 $14 19. Qc1 Kf8 $2 {[%mdl 8192]} ({
Black should play} 19... Bxe5 $14 20. dxe5 Ng4) 20. Qxh6+ $18 Ke7 {[#]} 21.
Nxf7 $1 {[%mdl 512]} Bxh2+ $2 (21... Rh8 22. Nxd8) 22. Qxh2 Kxf7 {[#]} 23. Rc7+
(23. Qg3 $1 $18 Rc8 24. Qg6+ Ke7 25. Qg7+ Kd6 26. Qxb7 Rxc3 27. bxc3) 23... Re7
$14 {[#]} 24. Bg6+ $1 Kxg6 25. Rxe7 Qxe7 26. Qxb8 Bd5 27. Re3 (27. Rc1 $14 Ne8
28. b3) 27... Nh5 $1 $11 {The position is equal.} 28. Re5 {aiming for Qg8+.}
Ng7 29. Qc8 Nf5 30. g4 Ng7 {White must now prevent ...Qh4.} 31. f4 {Strongly
threatening Qg8.} Qh4 {...Qg3+ is the strong threat.} 32. Rg5+ Kh7 {( -> ...
Qe1+)} 33. Qc2+ Kg8 34. Qc8+ {[%mdl 64] Double Attack} Kh7 {Weighted Error
Value: White=0.45/Black=0.43} 1/2-1/2

[Event "36th European Club Cup 2021"]
[Site "Struga"]
[Date "2021.09.23"]
[Round "6.4"]
[White "Alekseenko, Kirill"]
[Black "Santos Latasa, Jaime"]
[Result "1-0"]
[WhiteElo "2693"]
[BlackElo "2627"]
[Annotator "TA"]
[PlyCount "51"]
[EventDate "2021.09.18"]
[EventType "team-tourn"]
[EventCountry "MKD"]
[SourceTitle "playchess.com"]
[Source "ChessBase"]
[SourceQuality "1"]

{[%evp 18,51,19,20,38,32,28,18,13,10,29,22,27,32,63,62,186,140,124,123,127,124,
126,121,93,123,329,364,741,488,781,556,534,452,424,382]} 1. e4 c5 2. Nf3 d6 3.
d4 cxd4 4. Nxd4 Nf6 5. Nc3 Nc6 6. Bg5 e6 7. Qd2 a6 8. O-O-O Bd7 9. f3 Nxd4 10.
Qxd4 Be7 {B67: Sicilian: Richter-Rauzer: 7...a6 8 0-0-0 Bd7, lines without 9
f4 Be7.} 11. Kb1 Qc7 12. g4 h5 {The position is equal.} 13. gxh5 Nxh5 14. Bxe7
Kxe7 15. Rg1 {[#]} b5 $146 ({Predecessor:} 15... g6 16. Qd2 Nf6 17. f4 Rh5 18.
Rg5 Rah8 19. e5 Ne8 20. Ne4 d5 21. Rxh5 Rxh5 {0-1 (48) Giri,A (2776)-Vachier
Lagrave,M (2758) chess24.com INT 2021}) 16. Rg5 Rab8 (16... f6 $14 17. Rd5 Qa7
18. Rxd6 Qxd4 19. R6xd4 (19. R1xd4 Rhd8 $14) 19... Rhd8) 17. e5 dxe5 18. Qb4+ (
{Inferior is} 18. Qxe5 Qxe5 19. Rxe5 Nf6 $17) 18... Ke8 19. Ne4 {[%mdl 1024]
Black must now prevent Nd6+. White has strong compensation.} a5 20. Nd6+ $1 Kf8
{[#]} 21. Qh4 $40 {[%mdl 128] White is out for blood.} ({But not} 21. Nxb5+
axb4 22. Nxc7 Nf6 $11) 21... Qd8 $2 {[#]} 22. f4 $1 $18 Kg8 $2 ({Much worse is
} 22... exf4 23. Be2 $18) (22... Be8 23. fxe5 f6 24. exf6 gxf6) 23. Be2 {
White is clearly winning.} Be8 (23... Nxf4 $142 24. Qxh8+ {[%mdl 64]
Deflection, Decoy} Kxh8 25. Nxf7+ {[%mdl 64] Double Attack} Kg8 26. Nxd8 Rxd8
27. Bxb5 Nd5) 24. Nxe8 Qxe8 25. Rxh5 Rxh5 26. Bxh5 {Weighted Error Value:
White=0.31/Black=0.48} 1-0